Foreign direct investment and the multinational enterprise in the world economy

Význam priamych zahraničných investícií a ich úloha vo svetovej ekonomike. Analýza vybraných dopadov PZI a nadnárodných spoločností na ekonomiku hostiteľskej krajiny.

Salvato in:
Dettagli Bibliografici
Autore principale: Kopalová, Helena
Natura: Capitolo di libro
Lingua:inglese
Soggetti:
Tags: Aggiungi Tag
Nessun Tag, puoi essere il primo ad aggiungerne!!

MARC

LEADER 00000naa$a2200000$$$4500
001 0040362
005 20231114082019.5
041 0 |a eng 
044 |a CZ 
245 1 0 |a Foreign direct investment and the multinational enterprise in the world economy  |c Helena Kopalová 
520 |a Význam priamych zahraničných investícií a ich úloha vo svetovej ekonomike. Analýza vybraných dopadov PZI a nadnárodných spoločností na ekonomiku hostiteľskej krajiny. 
610 2 0 |a história 
610 2 0 |a hospodárstvo svetové 
610 2 0 |a spoločnosti nadnárodné 
610 2 0 |a investície priame zahraničné 
100 1 |a Kopalová, Helena